00618 2200205 4500001002100000005001700021008004100038035002400079082001100103090002100114100001500135245009300150260003200243300001900275500002900294650005600323850001200379985000600391999001500397YOGYA-0209000004748620090227031544.0 ind  0010-020900000047486 a428.24 a428.24bBan ElT aBANAMA, AA aEvery - day English conversationbEnglish - Indonesian, Indonesion - EnglishcA.A Banama aDjakartabA.A Banamac[s.a] a...Bookc21 cm ayang diterima : Book III aBahasa Inggris - Pelajaran Pelajaran Bahasa Inggris aYOPDYOG a1 ab000047843